000 00402nam a2200121 a 4500
008 120416s1969 xx |||||||||||||| || u
050 _aTH 438 Dou
100 _aDouglas, Clarence J
245 1 0 _aConstruction management
260 _c1969
350 _a0.00
995 _D0.00
_FCBU-MAIN LIBRARY (Kitwe)
_H1
_I6.00
_UDAMAGED
_ZMain Library Open Access Collection
999 _c38536
_d38536